| 000 | 00616nam a2200181Ia 4500 | ||
|---|---|---|---|
| 008 | 151018s9999 xx 000 0 und d | ||
| 082 |
_bRBASDV23186 _a891.468 |
||
| 100 | _aसंजय सोनवणी | ||
| 245 | _aप्रेम कसे करावे | ||
| 250 | _b1 | ||
| 260 |
_bशब्दसन्मान प्रकाशन पुणे _c1991 |
||
| 300 | _a84 | ||
| 600 | _aसंजय सोनवणी | ||
| 630 | _aप्रेम कसे करावे | ||
| 700 | _aसंजय सोनवणी | ||
| 730 | _aप्रेम कसे करावे | ||
| 942 | _cBOOK | ||
| 999 |
_c1022847 _d1022844 |
||